<?xml version="1.0" encoding="UTF-8"?>
<record
    xmlns:xsi="http://www.w3.org/2001/XMLSchema-instance"
    xsi:schemaLocation="http://www.loc.gov/MARC21/slim http://www.loc.gov/standards/marcxml/schema/MARC21slim.xsd"
    xmlns="http://www.loc.gov/MARC21/slim">

  <leader>01987cam a2200529 a 4500</leader>
  <datafield tag="999" ind1=" " ind2=" ">
    <subfield code="c">23258</subfield>
    <subfield code="d">23258</subfield>
  </datafield>
  <controlfield tag="001">vtls008839316</controlfield>
  <controlfield tag="005">20220615113118.0</controlfield>
  <controlfield tag="008">060816s2006    xr     g p    000 0 eng  </controlfield>
  <datafield tag="020" ind1=" " ind2=" ">
    <subfield code="a">802471728X (bro&#x17E;.)</subfield>
  </datafield>
  <datafield tag="040" ind1=" " ind2=" ">
    <subfield code="a">SVKPO</subfield>
    <subfield code="b">slo</subfield>
    <subfield code="c">SVKPO</subfield>
    <subfield code="d">SNK</subfield>
    <subfield code="e">AACR2</subfield>
  </datafield>
  <datafield tag="041" ind1="1" ind2=" ">
    <subfield code="a">eng</subfield>
    <subfield code="a">cze</subfield>
    <subfield code="h">ger</subfield>
  </datafield>
  <datafield tag="044" ind1=" " ind2=" ">
    <subfield code="a">xr</subfield>
    <subfield code="c">CZ</subfield>
  </datafield>
  <datafield tag="072" ind1=" " ind2="7">
    <subfield code="a">811.111</subfield>
    <subfield code="x">Angli&#x10D;tina</subfield>
    <subfield code="2">konspekt</subfield>
  </datafield>
  <datafield tag="072" ind1=" " ind2="7">
    <subfield code="a">37.016</subfield>
    <subfield code="x">U&#x10D;ebn&#xE9; osnovy. Vyu&#x10D;ovacie predmety. U&#x10D;ebnice</subfield>
    <subfield code="2">konspekt</subfield>
  </datafield>
  <datafield tag="080" ind1=" " ind2=" ">
    <subfield code="a">811.111</subfield>
    <subfield code="2">2001</subfield>
  </datafield>
  <datafield tag="080" ind1=" " ind2=" ">
    <subfield code="a">659.144.1</subfield>
    <subfield code="2">2001</subfield>
  </datafield>
  <datafield tag="080" ind1=" " ind2=" ">
    <subfield code="a">005.91:82-6</subfield>
    <subfield code="2">2001</subfield>
  </datafield>
  <datafield tag="080" ind1=" " ind2=" ">
    <subfield code="a">316.776</subfield>
    <subfield code="2">2001</subfield>
  </datafield>
  <datafield tag="080" ind1=" " ind2=" ">
    <subfield code="a">81&#x2019;373.46</subfield>
    <subfield code="2">2001</subfield>
  </datafield>
  <datafield tag="080" ind1=" " ind2=" ">
    <subfield code="a">(075)</subfield>
    <subfield code="2">2001</subfield>
  </datafield>
  <datafield tag="080" ind1=" " ind2=" ">
    <subfield code="a">(076.5)</subfield>
    <subfield code="2">2001</subfield>
  </datafield>
  <datafield tag="100" ind1="1" ind2=" ">
    <subfield code="a">Henderson, Derek</subfield>
    <subfield code="9">3111</subfield>
  </datafield>
  <datafield tag="240" ind1="1" ind2="0">
    <subfield code="a">Business English Trainer</subfield>
    <subfield code="l">&#x10C;esky</subfield>
  </datafield>
  <datafield tag="245" ind1="1" ind2="0">
    <subfield code="a">Business English</subfield>
    <subfield code="b">50 praktick&#xFD;ch cvi&#x10D;en&#xED; : korespondence, porady, prezentace, obchodn&#xED; jedn&#xE1;n&#xED; a spole&#x10D;ensk&#xE1; konverzace</subfield>
    <subfield code="c">Derek Henderson, Veronika Streitwieser ; [p&#x159;eklad Iva Mich&#x148;ov&#xE1;]</subfield>
  </datafield>
  <datafield tag="246" ind1="1" ind2="8">
    <subfield code="a">Business English - 50 praktick&#xFD;ch cvi&#x10D;en&#xED;</subfield>
  </datafield>
  <datafield tag="250" ind1=" " ind2=" ">
    <subfield code="a">1. vyd.</subfield>
  </datafield>
  <datafield tag="260" ind1=" " ind2=" ">
    <subfield code="a">Praha</subfield>
    <subfield code="b">Grada</subfield>
    <subfield code="c">2006</subfield>
  </datafield>
  <datafield tag="300" ind1=" " ind2=" ">
    <subfield code="a">120 s.</subfield>
    <subfield code="c">21 cm</subfield>
  </datafield>
  <datafield tag="490" ind1="1" ind2=" ">
    <subfield code="a">Poradce pro praxi</subfield>
  </datafield>
  <datafield tag="500" ind1=" " ind2=" ">
    <subfield code="a">Prelo&#x17E;en&#xE9; z nem&#x10D;iny</subfield>
  </datafield>
  <datafield tag="650" ind1="0" ind2="7">
    <subfield code="a">obchodn&#xE9; jednania</subfield>
    <subfield code="2">SNKPH</subfield>
    <subfield code="9">3112</subfield>
  </datafield>
  <datafield tag="650" ind1="0" ind2="7">
    <subfield code="a">obchodn&#xE1; kore&#x161;pondencia</subfield>
    <subfield code="2">SNKPH</subfield>
    <subfield code="9">3113</subfield>
  </datafield>
  <datafield tag="650" ind1="0" ind2="7">
    <subfield code="a">obchodn&#xE1; komunik&#xE1;cia</subfield>
    <subfield code="2">SNKPH</subfield>
    <subfield code="9">3114</subfield>
  </datafield>
  <datafield tag="650" ind1="0" ind2="7">
    <subfield code="a">odborn&#xE1; terminol&#xF3;gia</subfield>
    <subfield code="2">SNKPH</subfield>
    <subfield code="9">3115</subfield>
  </datafield>
  <datafield tag="650" ind1="0" ind2="7">
    <subfield code="a">English language</subfield>
    <subfield code="2">SNKPHeng</subfield>
    <subfield code="9">3116</subfield>
  </datafield>
  <datafield tag="650" ind1="0" ind2="7">
    <subfield code="a">angli&#x10D;tina</subfield>
    <subfield code="2">SNKPH</subfield>
    <subfield code="9">3117</subfield>
  </datafield>
  <datafield tag="650" ind1="0" ind2="7">
    <subfield code="a">Negotiation in business</subfield>
    <subfield code="2">SNKPHeng</subfield>
    <subfield code="9">3118</subfield>
  </datafield>
  <datafield tag="650" ind1="0" ind2="7">
    <subfield code="a">Commercial correspondence</subfield>
    <subfield code="2">SNKPHeng</subfield>
    <subfield code="9">3119</subfield>
  </datafield>
  <datafield tag="650" ind1="0" ind2="7">
    <subfield code="a">Communication in business</subfield>
    <subfield code="2">SNKPHeng</subfield>
    <subfield code="9">3120</subfield>
  </datafield>
  <datafield tag="650" ind1="0" ind2="7">
    <subfield code="a">Terminology (professional)</subfield>
    <subfield code="2">SNKPHeng</subfield>
    <subfield code="9">3121</subfield>
  </datafield>
  <datafield tag="655" ind1=" " ind2="7">
    <subfield code="a">u&#x10D;ebnice</subfield>
    <subfield code="2">SNKPH</subfield>
    <subfield code="9">3122</subfield>
  </datafield>
  <datafield tag="655" ind1=" " ind2="7">
    <subfield code="a">praktick&#xE9; cvi&#x10D;enia</subfield>
    <subfield code="2">SNKPH</subfield>
    <subfield code="9">3123</subfield>
  </datafield>
  <datafield tag="655" ind1=" " ind2="7">
    <subfield code="a">Textbooks</subfield>
    <subfield code="2">SNKPHeng</subfield>
    <subfield code="9">3124</subfield>
  </datafield>
  <datafield tag="655" ind1=" " ind2="7">
    <subfield code="a">Problems, exercises, etc.</subfield>
    <subfield code="2">SNKPHeng</subfield>
    <subfield code="9">3125</subfield>
  </datafield>
  <datafield tag="700" ind1="1" ind2=" ">
    <subfield code="a">Streitwieser, Veronika</subfield>
    <subfield code="4">aut</subfield>
    <subfield code="9">3126</subfield>
  </datafield>
  <datafield tag="700" ind1="1" ind2=" ">
    <subfield code="a">Mich&#x148;ov&#xE1;, Iva,</subfield>
    <subfield code="d">1972-</subfield>
    <subfield code="4">trl</subfield>
    <subfield code="9">3127</subfield>
  </datafield>
  <datafield tag="952" ind1=" " ind2=" ">
    <subfield code="0">0</subfield>
    <subfield code="1">0</subfield>
    <subfield code="2">udc</subfield>
    <subfield code="4">0</subfield>
    <subfield code="7">0</subfield>
    <subfield code="8">D</subfield>
    <subfield code="a">10000</subfield>
    <subfield code="b">10000</subfield>
    <subfield code="d">2022-06-15</subfield>
    <subfield code="i">21591</subfield>
    <subfield code="o">S1518</subfield>
    <subfield code="p">S1518</subfield>
    <subfield code="r">2022-06-15</subfield>
    <subfield code="w">2022-06-15</subfield>
    <subfield code="y">OLDO</subfield>
  </datafield>
</record>
